000 00919na a2200289 4500
001 15076
003 MIRAKIL
005 20181213155217.0
008 161102b tu 000 0
035 _a15076
040 _aMilas
_btur
_cTR-AnCHP
041 _atur
082 _aATA 956.1024
_bA72a 2000
090 _aATA 956.1024 A72a 2000
100 _aAtatürk, Mustafa Kemal
_d1881-1838
245 _aAnkara'ya geliş (Söylev'den)
_cMustafa Kemal Atatürk; yayına hazırlayanlar İsmail Arar, Uluğ İğdemir, Sami N. Özerdim
260 _a[Ankara]
_bYeni Gün Haber Ajansı
_c2000
300 _a125 s.
_c18 sm.
600 _aAtatürk, Mustafa Kemal
_d1881-1938
_xSöylev ve demeçler
650 _aNutuk
651 _aAnkara
_xTarih
651 _aAnkara
_xSiyaset ve yönetim
_zTürkiye
700 _aArar, İsmail
700 _aİğdemir, Uluğ
700 _aÖzerdim, Sami N.
942 _2dcc
_cBKS
999 _c8567
_d8567